Catálogo público

Especies de Aleyrodidae, su dinámica poblacional distribución vertical y validación de un modelo de unidades calor en Nochebuena, en Xochimilco, D.F. / (Record no. 200077)

MARC details
000 -CABECERA
campo de control de longitud fija 01067nam a2200313Ia 4500
001 - NÚMERO DE CONTROL
campo de control Para_1369
003 - IDENTIFICADOR DEL NÚMERO DE CONTROL
campo de control CHAP
008 - DATOS DE LONGITUD FIJA--INFORMACIÓN GENERAL
campo de control de longitud fija 220125s1999 xx 000 0 und d
010 ## - NÚMERO DE CONTROL DE LA BIBLIOTECA DEL CONGRESO
Número de control de LC 200077
040 ## - FUENTE DE LA CATALOGACIÓN
Centro/agencia transcriptor CHAP
090 ## - LOCALMENTE ASIGNADO TIPO-LC NÚMERO DE CLASIFICACIÓN (OCLC); NÚMERO DE CLASIFICACIÓN LOCAL (RLIN)
Número de clasificación (OCLC) (R) ; Numero de clasificación, CALL (RLIN) (NR) PA TESIS 1310
100 ## - ENTRADA PRINCIPAL--NOMBRE DE PERSONA
Nombre de persona Martínez Cruz, Leonel
9 (RLIN) 71952
245 ## - MENCIÓN DE TÍTULO
Título Especies de Aleyrodidae, su dinámica poblacional distribución vertical y validación de un modelo de unidades calor en Nochebuena, en Xochimilco, D.F. /
Mención de responsabilidad, etc. por Leonel Cruz Martínez
260 ## - PUBLICACIÓN, DISTRIBUCIÓN, ETC.
Lugar de publicación, distribución, etc. Chapingo, Méx. :
Nombre del editor, distribuidor, etc. El autor
300 ## - DESCRIPCIÓN FÍSICA
Extensión 116 h.
502 ## - NOTA DE TESIS
Nota de tesis Tesis (M.C. en Protección Vegetal), UACh. Depto. Parasitología
650 ## - PUNTO DE ACCESO ADICIONAL DE MATERIA--TÉRMINO DE MATERIA
Término de materia o nombre geográfico como elemento de entrada Bemisia tabaci
9 (RLIN) 11496
650 ## - PUNTO DE ACCESO ADICIONAL DE MATERIA--TÉRMINO DE MATERIA
Término de materia o nombre geográfico como elemento de entrada Flores
Subdivisión general plagas
9 (RLIN) 41398
650 ## - PUNTO DE ACCESO ADICIONAL DE MATERIA--TÉRMINO DE MATERIA
Término de materia o nombre geográfico como elemento de entrada Noche buena
9 (RLIN) 164347
650 ## - PUNTO DE ACCESO ADICIONAL DE MATERIA--TÉRMINO DE MATERIA
Término de materia o nombre geográfico como elemento de entrada Plantas ornamentales
Subdivisión general plagas
9 (RLIN) 89072
710 ## - PUNTO DE ACCESO ADICIONAL--NOMBRE DE ENTIDAD CORPORATIVA
Nombre de entidad corporativa o nombre de jurisdicción como elemento de entrada UACh. Departamento de Parasitología Agrícola
9 (RLIN) 115877
901 ## - ELEMENTOS DE DATOS A LOCAL LDA (RLIN)
a PA TESIS 1310
902 ## - ELEMENTOS DE DATOS B LOCAL, LDB (RLIN)
a A
905 ## - ELEMENTOS DE DATOS E LOCAL, LDE (RLIN)
a 0000001999 d 0000000000 00
910 ## - DATOS DE OPCIÓN DEL USUARIO (OCLC)
Datos de opción del usuario 1999
942 ## - ELEMENTOS DE PUNTO DE ACCESO ADICIONAL (KOHA)
Tipo de ítem Koha Parasitologia_
942 ## - ELEMENTOS DE PUNTO DE ACCESO ADICIONAL (KOHA)
Tipo de ítem Koha Parasitologia_
-- 1
Holdings
Estado de retiro Estado de pérdida Fuente del sistema de clasificación o colocación Estado dañado Restricciones de uso No para préstamo Código de colección Localización permanente Ubicación/localización actual Ubicación en estantería Fecha de adquisición Información codificada de la localización en otra ubicación Número de inventario Total de préstamos Signatura topográfica completa Código de barras Fecha visto por última vez Número de copia Precio válido a partir de Tipo de ítem Koha Nota pública
    Clasificación Universidad Autónoma de Chapingo   Préstamo interno   Tesis Parasitologia Agricola Parasitologia Agricola   27/10/2005 PARA (PA_6664-2) (No. UACh CONSUMO)   PA TESIS 1310 4101002050 25/01/2022 Ej.2 25/01/2022 Tesis 3
    Clasificación Universidad Autónoma de Chapingo   Préstamo interno   Tesis Parasitologia Agricola Parasitologia Agricola   27/10/2005 PARA (PA_6664) (No. UACh CONSUMO)   PA TESIS 1310 4101002049 25/01/2022 Ej.1 25/01/2022 Tesis 3